[Event "9098 - Open de la Loire "]
[Site "Loire"]
[Date "2007.04.21"]
[Round "7.13"]
[White "Daillere, Roland"]
[Black "Rogues, Jean-Luc"]
[Result "0-1"]
[WhiteElo "1499"]
[BlackElo "1410"]
[PlyCount "135"]
[EventDate "2007.??.??"]

1. e4 e5 2. Nf3 d6 3. d4 Bg4 4. Be2 Nd7 5. Nc3 Be7 6. O-O Ngf6 7. Be3 O-O 8.
Qd3 c6 9. d5 cxd5 10. exd5 Nb6 11. Bg5 Nfxd5 12. Bxe7 Nxe7 13. Ng5 Bf5 14. Qd2
d5 15. Bd3 e4 16. Be2 f6 17. Nh3 Bxh3 18. gxh3 Qd7 19. Qf4 f5 20. Rad1 a6 21.
f3 Qe6 22. Qh4 Ng6 23. Qg3 f4 24. Qg4 Qe5 25. Rde1 e3 26. Bd3 Rf6 27. Ne2 Raf8
28. h4 Ne7 29. h5 Na4 30. Kh1 Nc5 31. Rg1 R8f7 32. Rg2 Nxd3 33. cxd3 Rh6 34. d4
Qxh5 35. Qxh5 Rxh5 36. Rc1 Nc6 37. Rcg1 Rh3 38. Rf1 g6 39. Rg4 Nb4 40. Nxf4 Rh6
41. a3 Nc2 42. Rc1 Nxd4 43. Nxd5 e2 44. Re4 Rxf3 45. Rc8+ Rf8 46. Nf6+ Kf7 47.
Rc7+ Kxf6 48. Rc1 Rh5 49. Kg1 Rb5 50. Re1 Rf7 51. Rxd4 Re5 52. Rd6+ Kg7 53. Rd2
Rfe7 54. Kf2 b5 55. Rdxe2 Rxe2+ 56. Rxe2 Rxe2+ 57. Kxe2 Kf6 58. Kf3 Kf5 59. h3
g5 60. b3 h5 61. b4 g4+ 62. hxg4+ hxg4+ 63. Kg3 Ke4 64. Kxg4 Kd4 65. Kf4 Kc4
66. Ke4 Kb3 67. Kd3 Kxa3 68. Kc3 0-1

[Event "9098 - Open de la Loire "]
[Site "Loire"]
[Date "2007.04.21"]
[Round "7.14"]
[White "Chambosse, Alexis"]
[Black "Gerey, Jean-Pierre"]
[Result "1-0"]
[WhiteElo "1320"]
[BlackElo "1330"]
[PlyCount "87"]
[EventDate "2007.??.??"]

1. e4 e5 2. Nf3 Nc6 3. Bb5 a6 4. Bxc6 bxc6 5. Nxe5 Qe7 6. d4 Bb7 7. Nc3 g6 8.
O-O Bg7 9. Nf3 d6 10. Re1 Qd7 11. Bg5 Ne7 12. e5 d5 13. Na4 Rb8 14. Qd3 Nf5 15.
Nc5 Qc8 16. c3 O-O 17. e6 h6 18. Bf4 Re8 19. exf7+ Kxf7 20. Rxe8 Kxe8 21. Re1+
Kf8 22. Ne6+ Kg8 23. Bxc7 Ra8 24. Bf4 Kh7 25. Nxg7 Kxg7 26. Qd2 Qd7 27. g4 Ne7
28. Bxh6+ Kh7 29. Ne5 Qc8 30. h3 Ng8 31. Qd3 Qe6 32. Nf3 Qd6 33. Bd2 Rf8 34.
Ng5+ Kg7 35. Ne6+ Kf7 36. Qf3+ Nf6 37. Bg5 Qe7 38. Bxf6 Qxf6 39. Qxf6+ Kxf6 40.
Nxf8 Bc8 41. f3 Kf7 42. Nh7 Kg7 43. Re8 Kxh7 44. Rxc8 1-0

[Event "9098 - Open de la Loire "]
[Site "Loire"]
[Date "2007.04.21"]
[Round "7.15"]
[White "Swietlicki, Jordan"]
[Black "Choquelle, Jean"]
[Result "1-0"]
[WhiteElo "1199"]
[BlackElo "1210"]
[PlyCount "63"]
[EventDate "2007.??.??"]

1. e4 e5 2. Nc3 c6 3. Nf3 d6 4. d4 Nd7 5. Bd2 Be7 6. Bd3 Ngf6 7. d5 c5 8. O-O
a6 9. Ne2 b5 10. b3 Bb7 11. Ng3 Qc7 12. Nf5 O-O-O 13. Nxe7+ Kb8 14. c4 Qb6 15.
Qe1 Rde8 16. Nf5 Rhg8 17. Ba5 Qa7 18. Nxd6 Re7 19. cxb5 Nh5 20. b4 Nf4 21. Bc4
g5 22. Nxf7 Rxf7 23. d6 g4 24. Bxf7 Rg7 25. Qd1 Rxf7 26. Nh4 Rg7 27. Nf5 Rg5
28. Qc1 Bxe4 29. Re1 Bxf5 30. g3 Nd3 31. Qxg5 c4 32. Qd8+ 1-0

[Event "9098 - Open de la Loire "]
[Site "Loire"]
[Date "2007.04.21"]
[Round "7.16"]
[White "Veyrat, Gerard"]
[Black "Schlick, Paul"]
[Result "1-0"]
[WhiteElo "1200"]
[BlackElo "1299"]
[PlyCount "73"]
[EventDate "2007.??.??"]

1. d4 d5 2. c4 e6 3. e3 Bd7 4. Nf3 Nf6 5. Bd3 Bc6 6. Nc3 Ne4 7. Ne5 Be7 8. Nxc6
Nxc6 9. c5 Nxc3 10. bxc3 b6 11. Bb5 Qd7 12. Qa4 O-O 13. Bxc6 Qd8 14. Bxa8 Qxa8
15. cxb6 cxb6 16. Qc2 Bd8 17. Ba3 Re8 18. Qa4 Bc7 19. c4 dxc4 20. Qxc4 Rc8 21.
Qd3 Qxg2 22. Qf1 Qb7 23. Rg1 Bxh2 24. Qg2 Qxg2 25. Rxg2 Bc7 26. e4 a6 27. d5
exd5 28. exd5 Be5 29. Rd1 Re8 30. Kd2 Bf4+ 31. Kc2 Re2+ 32. Kc3 Re8 33. d6 Rd8
34. d7 b5 35. Be7 Ra8 36. d8=Q+ Rxd8 37. Rxd8# 1-0

[Event "9098 - Open de la Loire "]
[Site "Loire"]
[Date "2007.04.21"]
[Round "8.1"]
[White "Muller, Anthony"]
[Black "Minchilli, Franco"]
[Result "0-1"]
[WhiteElo "1199"]
[BlackElo "1770"]
[PlyCount "60"]
[EventDate "2007.??.??"]

1. e4 e5 2. Nf3 Nc6 3. Nc3 Nf6 4. Bc4 Bc5 5. d3 d6 6. h3 Na5 7. Bg5 Nxc4 8.
dxc4 Be6 9. Qe2 O-O 10. Nd5 Bxd5 11. cxd5 c6 12. O-O cxd5 13. exd5 Qe7 14. c4
Rfe8 15. a3 Rac8 16. Nd2 Bd4 17. Ne4 Kh8 18. Bxf6 gxf6 19. Rac1 f5 20. Ng3 Qg5
21. Rc2 Qxg3 22. Rd1 Rg8 23. Qf1 Qxh3 24. Rd3 Rxg2+ 25. Qxg2 Qxd3 26. Kh2 Qxc2
27. b4 Rg8 28. Qg1 Bxf2 29. c5 Bxg1+ 30. Kh3 Qh2# 0-1

[Event "9098 - Open de la Loire "]
[Site "Loire"]
[Date "2007.04.21"]
[Round "8.2"]
[White "Gregoire, Patrick"]
[Black "Doucet, Medhi"]
[Result "0-1"]
[WhiteElo "1580"]
[BlackElo "1630"]
[PlyCount "98"]
[EventDate "2007.??.??"]

1. e4 d6 2. Nf3 Nd7 3. d4 Ngf6 4. e5 dxe5 5. dxe5 Ng4 6. e6 fxe6 7. Ng5 Nde5 8.
Qxd8+ Kxd8 9. Be2 h5 10. Bf4 Ke8 11. h3 Nxf2 12. Kxf2 Nc6 13. Bxc7 Bd7 14. Bd3
Rh6 15. Bf4 Rf6 16. g3 e5 17. Nh7 exf4 18. Nxf6+ exf6 19. gxf4 Bc5+ 20. Kg3 Nd4
21. Nc3 Bc6 22. Rhe1+ Kf7 23. Bc4+ Kg6 24. Bd3+ f5 25. Rf1 Rg8 26. h4 Re8 27.
Rae1 Rd8 28. a4 a6 29. Ne2 Bxa4 30. Nxd4 Bxd4 31. Re6+ Kf7 32. Rfe1 g6 33. Bc4
Kf8 34. Rxg6 Bg7 35. b3 Bc6 36. Bd3 Bd7 37. Rd6 Kf7 38. Bxf5 Bxf5 39. Rxd8 Bxc2
40. Rd7+ Kg6 41. Rxb7 a5 42. Re6+ Kf5 43. Ra6 Bc3 44. Rb5+ Ke4 45. Re6+ Kd3 46.
f5 Kd4 47. f6 Bg6 48. Re7 Bb4 49. f7 Bxe7 0-1

[Event "9098 - Open de la Loire "]
[Site "Loire"]
[Date "2007.04.21"]
[Round "8.3"]
[White "Moleins, Adrien"]
[Black "Perez, Christian"]
[Result "1-0"]
[WhiteElo "1720"]
[BlackElo "1480"]
[PlyCount "81"]
[EventDate "2007.??.??"]

1. e4 e6 2. d4 d5 3. e5 c5 4. c3 Nc6 5. Nf3 Qb6 6. a3 Nge7 7. b4 cxd4 8. cxd4
Ng6 9. Nc3 a6 10. Be3 Be7 11. h4 h5 12. Be2 Nf8 13. g3 g6 14. Bd3 Bd7 15. Ne2
O-O-O 16. Nc3 Kb8 17. Na4 Qa7 18. Nc5 Be8 19. O-O Bxc5 20. bxc5 Na5 21. Rb1 Nc4
22. Qb3 Bc6 23. Ne1 Kc7 24. Bxc4 dxc4 25. Qxc4 Bb5 26. Rxb5 axb5 27. Qxb5 Qa6
28. Qb2 Ra8 29. Nc2 Nd7 30. Rb1 Rhb8 31. d5 Nxe5 32. Qc3 Nc4 33. Bf4+ e5 34.
Bxe5+ Nxe5 35. Qxe5+ Kd7 36. c6+ bxc6 37. Rxb8 Rxb8 38. Qxb8 cxd5 39. Nb4 Qe6
40. Qb7+ Ke8 {abadon} 41. Qa8+ 1-0

[Event "9098 - Open de la Loire "]
[Site "Loire"]
[Date "2007.04.21"]
[Round "8.4"]
[White "Kotur, Sava"]
[Black "Gidon, Rene"]
[Result "1/2-1/2"]
[WhiteElo "1550"]
[BlackElo "1600"]
[PlyCount "50"]
[EventDate "2007.??.??"]

1. e4 e5 2. a3 Nf6 3. d3 Bc5 4. Be2 O-O 5. Nf3 Nc6 6. c3 d5 7. Bg5 Be7 8. Bxf6
Bxf6 9. O-O d4 10. c4 a5 11. Nbd2 Bd7 12. h3 b6 13. Nh2 Qe8 14. Bg4 Be7 15.
Bxd7 Qxd7 16. Nhf3 Bd6 17. Qa4 Rad8 18. Qc2 f6 19. Qb1 Kh8 20. Qd1 Ne7 21. Rb1
c5 22. Nh2 f5 23. f3 Ng6 24. Qc2 Nf4 25. Rf2 Rf6 1/2-1/2

[Event "9098 - Open de la Loire "]
[Site "Loire"]
[Date "2007.04.21"]
[Round "8.5"]
[White "Carrot, Axel"]
[Black "Furnon, Yannick"]
[Result "1/2-1/2"]
[WhiteElo "1530"]
[BlackElo "1540"]
[PlyCount "78"]
[EventDate "2007.??.??"]

1. e4 c6 2. d4 d5 3. e5 Bf5 4. Bd3 Bxd3 5. Qxd3 e6 6. Nc3 Ne7 7. Bd2 Ng6 8. g3
Qb6 9. Na4 Qa6 10. Qxa6 Nxa6 11. Ne2 c5 12. dxc5 Nxc5 13. Nxc5 Bxc5 14. f4 Ke7
15. Bc3 Nf8 16. Bd4 Nd7 17. c3 Bxd4 18. cxd4 Rhc8 19. Kd2 Rc7 20. Rac1 Rac8 21.
Rxc7 Rxc7 22. Rc1 Rc4 23. b3 Rxc1 24. Kxc1 Nb8 25. Kb2 Kd7 26. a3 Kc6 27. Kc3
Kb6 28. Nc1 Na6 29. Na2 Nc7 30. a4 h5 31. h3 Na6 32. Nb4 Nxb4 33. Kxb4 a5+ 34.
Kc3 Ka6 35. Kd3 Kb6 36. Ke3 Kc7 37. Kf3 Kd7 38. g4 hxg4+ 39. hxg4 Ke7 1/2-1/2

[Event "9098 - Open de la Loire "]
[Site "Loire"]
[Date "2007.04.21"]
[Round "8.6"]
[White "Movsisian, Arthur"]
[Black "Joly, Christian"]
[Result "1-0"]
[WhiteElo "1499"]
[BlackElo "1610"]
[PlyCount "59"]
[EventDate "2007.??.??"]

1. d4 Nf6 2. Nf3 g6 3. Bf4 Bg7 4. e3 O-O 5. c4 c5 6. Nbd2 cxd4 7. exd4 b6 8.
Be2 Bb7 9. d5 Nh5 10. Be5 f6 11. Bc3 Nf4 12. O-O Nxe2+ 13. Qxe2 d6 14. Nd4 Bc8
15. Rfe1 Rf7 16. N2f3 Nd7 17. Ne6 Qe8 18. Nc7 Qd8 19. Nxa8 Bb7 20. Nxb6 axb6
21. b4 Ba6 22. b5 Bb7 23. a4 Nc5 24. Ra3 f5 25. Ng5 Rf8 26. Bxg7 Kxg7 27. Qxe7+
Qxe7 28. Rxe7+ Kg8 29. Ne6 Nxe6 30. dxe6 1-0

[Event "9098 - Open de la Loire "]
[Site "Loire"]
[Date "2007.04.21"]
[Round "8.7"]
[White "Megnot, Philippe"]
[Black "Trottet, Francois"]
[Result "1-0"]
[WhiteElo "1440"]
[BlackElo "1510"]
[PlyCount "85"]
[EventDate "2007.??.??"]

1. d4 Nf6 2. c4 e6 3. e3 d5 4. c5 b6 5. b4 a6 6. Nf3 Nc6 7. a3 Be7 8. Bd3 h6 9.
Nbd2 O-O 10. O-O Bd7 11. Nb3 Nh7 12. e4 dxe4 13. Bxe4 Ng5 14. Nxg5 Bxg5 15. Qf3
Qe8 16. Bxg5 hxg5 17. Qh5 f5 18. Qxe8 Raxe8 19. Bd3 g4 20. Bxa6 e5 21. d5 Nb8
22. Bc4 Kh8 23. c6 Bc8 24. b5 f4 25. a4 Bf5 26. a5 bxa5 27. Nxa5 e4 28. Nb7 e3
29. fxe3 fxe3 30. Nc5 Re7 31. Ra8 e2 32. Re1 Rfe8 33. Ne6 Bxe6 34. dxe6 Rd8 35.
Rxe2 Rd1+ 36. Kf2 Re8 37. e7 Rd4 38. Bf7 Rf4+ 39. Kg3 Rxf7 40. Rxb8 Rf3+ 41.
gxf3 Rxb8 42. e8=Q+ Rxe8 43. Rxe8+ 1-0

[Event "9098 - Open de la Loire "]
[Site "Loire"]
[Date "2007.04.21"]
[Round "8.8"]
[White "Brachet, Gerard"]
[Black "Goudet, Maxence"]
[Result "0-1"]
[WhiteElo "1380"]
[BlackElo "1470"]
[PlyCount "50"]
[EventDate "2007.??.??"]

1. Nf3 d5 2. d4 Nc6 3. Bf4 e6 4. e3 Nf6 5. a3 Bd6 6. c4 Bxf4 7. exf4 O-O 8. Ne5
Nd7 9. Nxc6 bxc6 10. Qc2 Ba6 11. Bd3 Qf6 12. Bxh7+ Kh8 13. cxd5 exd5 14. Bd3
Bxd3 15. Qxd3 Rfe8+ 16. Kf1 Qxf4 17. Nc3 Rab8 18. b4 Nf6 19. h4 Ng4 20. Qg3
Qxd4 21. Rc1 Re7 22. Ne2 Qe4 23. Re1 Rbe8 24. Qf3 Qd4 25. Qc3 Rxe2 0-1

[Event "9098 - Open de la Loire "]
[Site "Loire"]
[Date "2007.04.21"]
[Round "8.9"]
[White "Moleins, Jean-Pierre"]
[Black "Volay, Pascal"]
[Result "1-0"]
[WhiteElo "1750"]
[BlackElo "1390"]
[PlyCount "67"]
[EventDate "2007.??.??"]

1. d4 d5 2. Nc3 Nf6 3. g3 c6 4. Nf3 e6 5. a3 Be7 6. Bg2 O-O 7. O-O Nbd7 8. Bf4
Nh5 9. Bd2 Ndf6 10. Re1 a6 11. e4 dxe4 12. Nxe4 Nxe4 13. Rxe4 Nf6 14. Re2 Bd6
15. c4 b6 16. Ne5 Bxe5 17. dxe5 Nd7 18. Bxc6 Ra7 19. Bb4 Re8 20. Rd2 Rc7 21.
Rd6 Bb7 22. Bxd7 Re7 23. Bxe6 Qa8 24. Rd8+ Re8 25. Bxf7+ Rxf7 26. Rxa8 Bxa8 27.
Bd6 g6 28. Qb3 Re6 29. Qxb6 Kg7 30. Bf8+ Rxf8 31. Qxe6 Bb7 32. Qd7+ Kh8 33.
Qxb7 Re8 34. f4 1-0

[Event "9098 - Open de la Loire "]
[Site "Loire"]
[Date "2007.04.21"]
[Round "8.10"]
[White "Gregoire, Michele"]
[Black "Chambosse, Alexis"]
[Result "1-0"]
[WhiteElo "1500"]
[BlackElo "1320"]
[PlyCount "93"]
[EventDate "2007.??.??"]

1. d4 d5 2. Nf3 e6 3. Bf4 c5 4. c3 Nf6 5. Bxb8 Rxb8 6. Qa4+ Bd7 7. Qxa7 cxd4 8.
Qxd4 Rc8 9. b4 g6 10. Nbd2 Bg7 11. Rc1 O-O 12. Qd3 Qb6 13. Qd4 Qxd4 14. Nxd4
Ne4 15. Nxe4 Bxd4 16. Kd2 Rfd8 17. cxd4 Rxc1 18. Kxc1 dxe4 19. e3 Ra8 20. Kb2
f5 21. Bc4 Rc8 22. Rc1 Kg7 23. Kc3 Kf6 24. a4 h5 25. b5 Ra8 26. Kb4 b6 27. Rd1
g5 28. d5 exd5 29. Rxd5 Be6 30. Rd6 Re8 31. Rxb6 g4 32. g3 Re7 33. Bxe6 Kg5 34.
Rd6 h4 35. b6 hxg3 36. hxg3 Rh7 37. a5 Rh2 38. Rd2 Kf6 39. Bc4 Rh8 40. b7 Rb8
41. a6 Rxb7+ 42. axb7 Kg5 43. b8=Q f4 44. Qxf4+ Kg6 45. Qxg4+ Kh7 46. Rd1 Kh8
47. Rh1# 1-0

[Event "9098 - Open de la Loire "]
[Site "Loire"]
[Date "2007.04.21"]
[Round "8.11"]
[White "Rogues, Jean-Luc"]
[Black "Masson, Guillaume"]
[Result "0-1"]
[WhiteElo "1410"]
[BlackElo "1220"]
[PlyCount "120"]
[EventDate "2007.??.??"]

1. d4 c6 2. c4 d5 3. Nc3 Nf6 4. Bg5 Nbd7 5. e3 e6 6. Bd3 h6 7. Bxf6 Nxf6 8.
Nge2 c5 9. cxd5 Nxd5 10. O-O cxd4 11. Nxd4 Nxc3 12. bxc3 Bd6 13. Bb5+ Bd7 14.
Qa4 Rc8 15. Rac1 Rc7 16. Rc2 O-O 17. Bxd7 Rxd7 18. Qxa7 Qc7 19. g3 Rdd8 20. Qa4
Be5 21. Qb3 b6 22. Rb1 Rb8 23. Nf3 Bf6 24. Nd2 Qc6 25. c4 Rb7 26. a4 Ra8 27.
Qb5 Qc7 28. Ne4 Be5 29. Rd1 Ra5 30. Qb3 Rba7 31. f4 Bf6 32. Nxf6+ gxf6 33. Ra1
Qc5 34. Rb2 Ra8 35. Qc3 R5a7 36. Kf2 Rd8 37. Rba2 Kf8 38. Qxf6 Rd3 39. Qxh6+
Ke8 40. Qh8+ Ke7 41. Qe5 Qb4 42. Qg5+ Kd6 43. Qe5+ Kd7 44. Qe4 Rd2+ 45. Rxd2+
Qxd2+ 46. Kf3 Rc7 47. h4 Qc1 48. Qd4+ Ke7 49. h5 Rxc4 50. Qxb6 Qd1+ 51. Kg2
Qxh5 52. Qb7+ Kf8 53. Qb8+ Ke7 54. Qb7+ Kf6 55. Qb2+ Kg6 56. Qb1+ Qf5 57. Qxf5+
Kxf5 58. Kf3 Rxa4 59. g4+ Kg6 60. g5 f6 0-1

[Event "9098 - Open de la Loire "]
[Site "Loire"]
[Date "2007.04.21"]
[Round "8.12"]
[White "Martin, Julien"]
[Black "Swietlicki, Jordan"]
[Result "1-0"]
[WhiteElo "1400"]
[BlackElo "1199"]
[PlyCount "66"]
[EventDate "2007.??.??"]

1. d4 d5 2. Nc3 Nf6 3. Bg5 h6 4. Bxf6 exf6 5. e3 Nc6 6. Qf3 Be6 7. a3 Be7 8.
Bb5 O-O 9. Bxc6 bxc6 10. Nge2 c5 11. dxc5 Bxc5 12. b4 Bb6 13. O-O Rb8 14. Rfd1
c6 15. e4 Bc7 16. exd5 Qd6 17. g3 cxd5 18. Nxd5 Bxd5 19. Rxd5 Qc6 20. c3 Rb5
21. Rxb5 Qxf3 22. Nf4 Bxf4 23. gxf4 Qg4+ 24. Kh1 Qxf4 25. Kg1 Re8 26. Rb7 Re2
27. Rf1 Qg4+ 28. Kh1 Qf3+ 29. Kg1 Qxb7 30. c4 Re4 31. f3 Re2 32. c5 Qd5 33. Rf2
Qd4 1-0

[Event "9098 - Open de la Loire "]
[Site "Loire"]
[Date "2007.04.21"]
[Round "8.13"]
[White "Paratcha, Yohan"]
[Black "Ben Habchi, Nordine"]
[Result "1-0"]
[WhiteElo "1320"]
[BlackElo "1350"]
[PlyCount "76"]
[EventDate "2007.??.??"]

1. e4 c5 2. Bc4 d6 3. Nf3 Bg4 4. O-O Nf6 5. Nc3 Nc6 6. Re1 Ne5 7. Bb5+ Nc6 8.
h3 a6 9. Bxc6+ bxc6 10. hxg4 Nxg4 11. d4 cxd4 12. Nxd4 h5 13. Nxc6 Qb6 14. Nd4
e5 15. Nf5 Nxf2 16. Qd5 Nd3+ 17. Re3 Nf4 18. Qxa8+ Kd7 19. Kh2 g6 20. Nd5 Nxd5
21. Qxd5 gxf5 22. Qxf7+ Be7 23. exf5 Rf8 24. Qe6+ Kd8 25. Rc3 Qb8 26. Kh3 Rf6
27. Qg8+ Rf8 28. Qg6 Qb5 29. Qxh5 Qf1 30. Qg4 Qh1+ 31. Kg3 Rh8 32. Re3 Bh4+ 33.
Kf3 Qf1+ 34. Ke4 d5+ 35. Kxe5 Qb5 36. Qd4 Qb8+ 37. Kxd5 Kc7 38. Qe5+ Kd8 1-0

[Event "9098 - Open de la Loire "]
[Site "Loire"]
[Date "2007.04.21"]
[Round "8.14"]
[White "Mialon, Franck"]
[Black "Daillere, Roland"]
[Result "1-0"]
[WhiteElo "1320"]
[BlackElo "1499"]
[PlyCount "47"]
[EventDate "2007.??.??"]

1. e4 e5 2. Nf3 Nc6 3. Bc4 f6 4. Nh4 Bc5 5. Qh5+ g6 6. Nxg6 hxg6 7. Qxh8 Nce7
8. Bxg8 Nxg8 9. Qxg8+ Ke7 10. Qg7+ Ke6 11. Qxg6 d5 12. d4 Bxd4 13. O-O Bd7 14.
c3 Bc5 15. exd5+ Kd6 16. b4 Bb6 17. Qe4 Qg8 18. Ba3 Bh3 19. b5+ Kd7 20. Nd2 f5
21. Qf3 e4 22. Qxh3 Re8 23. Nxe4 Rxe4 24. Qxf5+ {abandon} 1-0

[Event "9098 - Open de la Loire "]
[Site "Loire"]
[Date "2007.04.21"]
[Round "8.15"]
[White "Choquelle, Jean"]
[Black "Veyrat, Gerard"]
[Result "0-1"]
[WhiteElo "1210"]
[BlackElo "1200"]
[PlyCount "86"]
[EventDate "2007.??.??"]

1. d4 d5 2. Nf3 e6 3. Bd2 Bd6 4. e3 Nf6 5. Nc3 Bd7 6. Bd3 Nc6 7. Qe2 O-O 8. e4
Nb4 9. Bg5 dxe4 10. Bxe4 c6 11. h3 Be7 12. Rc1 Nxe4 13. Qxe4 Bxg5 14. Rd1 f5
15. Qe2 Re8 16. h4 Bf6 17. Qe3 Nxc2+ 18. Kf1 Nxe3+ 19. fxe3 Qb6 20. b3 Qa5 21.
Na4 b5 22. Nc5 Re7 23. Nb7 Qxa2 24. Nd2 Qc2 25. Ke2 Rb8 26. Rc1 Qa2 27. Nc5 Bc8
28. g4 fxg4 29. Nce4 Rf7 30. Rxc6 Bb7 31. Rxe6 Bxe4 32. Rxe4 h5 33. Kd3 b4 34.
Rf1 Qa6+ 35. Nc4 Bxh4 36. Rxf7 Kxf7 37. Rf4+ Bf6 38. e4 g5 39. Rf5 g3 40. Ke3
g2 41. Ne5+ Ke7 42. Nf3 g4 43. Re5+ Bxe5 0-1

[Event "9098 - Open de la Loire "]
[Site "Loire"]
[Date "2007.04.21"]
[Round "8.16"]
[White "Gerey, Jean-Pierre"]
[Black "Schlick, Paul"]
[Result "1-0"]
[WhiteElo "1330"]
[BlackElo "1299"]
[PlyCount "74"]
[EventDate "2007.??.??"]

1. e4 e5 2. Nf3 Nc6 3. Bb5 Bd6 4. O-O Nge7 5. c3 b6 6. Re1 Bb7 7. d4 exd4 8.
cxd4 O-O 9. Nc3 a6 10. Ba4 b5 11. Bc2 Ng6 12. a3 Nce7 13. Qd3 c5 14. e5 c4 15.
Qe3 Bc7 16. h3 d6 17. exd6 Qxd6 18. Be4 Rfb8 19. Bxb7 Rxb7 20. Ne4 Qd8 21. Nc5
Rba7 22. Qxe7 Qxe7 23. Rxe7 Bd6 24. Rxa7 Rxa7 25. Bd2 a5 26. Re1 h6 27. Re4 b4
28. axb4 axb4 29. Bxb4 Ra1+ 30. Re1 Ra2 31. Bc3 Nf4 32. g3 Nxh3+ 33. Kg2 Ng5
34. Nxg5 hxg5 35. Ne4 Be7 36. Nd2 Ra4 37. Rxe7 f6 1-0